000 00912nam0a22002771 4500
001 RU\INGAK2\INFOCOMM_115\NLR\5000018253
005 20250625203140.0
035 _a(NLR Aleph) 011068886
090 _a11268353
_c11268353
100 _a20160211d1973 |||y0rusy50 ca
101 1 _aspa
_crus
102 _aRU
105 _ay z||||
200 1 _aAcerca de los sindicato
_fV.I. Lenin
_g[Sel. de A. Fomenko]
210 _aM.
_cProgreso
_d[1973]
215 _a400 с.; 1 л. портр.
_cпортр.
_d21 см
300 _aЗагл. ориг.: О профсоюзах : [сборник]
454 0 _12001#$aО профсоюзах$e[сборник]
_tО профсоюзах
620 _aМосква
686 _aА155.2
_2rubbk
700 1 _aLenin
_bV. I.
_f1870-1924
_gVladimir Il'ič
801 1 _aRU
_bInfoComm
_c20130109
801 0 _aRU
_bNLR
_gPSBO
852 _aNLR
_jЛ 112-сб/11-6
942 _cBOOK
980 _aNB